| 000 | 00367nam a2200157 i 4500 | ||
|---|---|---|---|
| 001 | bg | ||
| 100 | 1 | _aHEINE, Volker | |
| 245 | 0 |
_aTeorija psevdopotencjala / _cVolker Heine, Marvin Cohen. |
|
| 260 |
_aMoskva, _c1973. |
||
| 700 | 1 | _aCOHEN, Marvin | |
| 040 | _cBPK | ||
| 041 | _apol | ||
| 080 | _a539.2 | ||
| 942 | _cKS | ||
| 008 | s pl f |000 0 pol | ||
| 999 |
_c25801 _d25801 |
||
| 856 |
_uhttp://koha.tu.koszalin.pl/cgi-bin/koha/opac-detail.pl?biblionumber=25801 _yKatalog online BPK |
||